| 000 | 00336 a2200133 4500 | ||
|---|---|---|---|
| 082 | _a297.122 | ||
| 090 |
_c5255 _d5255 |
||
| 100 | _aNasr,Seyyed Hossein | ||
| 245 |
_aKnowledge and the Sacred _cSeyyed Hossein Nasr |
||
| 260 |
_aLahore _bSuhail Academy _c1988 |
||
| 300 | _a341p | ||
| 500 | _aHard Cover | ||
| 942 |
_aNBS _cBK _k297.122 NAS |
||
| 999 |
_c347670 _d347670 |
||